IFM Opac

Fundamentals of Information Systems (Record no. 16254)

MARC details
000 -LEADER
fixed length control field 00576nam a22002057a 4500
003 - CONTROL NUMBER IDENTIFIER
control field OSt
005 - DATE AND TIME OF LATEST TRANSACTION
control field 20220817084237.0
008 - FIXED-LENGTH DATA ELEMENTS--GENERAL INFORMATION
fixed length control field 220817b |||||||| |||| 00| 0 eng d
020 ## - INTERNATIONAL STANDARD BOOK NUMBER
International Standard Book Number 9780619215606
040 ## - CATALOGING SOURCE
Transcribing agency IFM Library
082 ## - DEWEY DECIMAL CLASSIFICATION NUMBER
Classification number 658.403811
100 ## - MAIN ENTRY--PERSONAL NAME
Personal name Stair M.Ralph
9 (RLIN) 4111
245 ## - TITLE STATEMENT
Title Fundamentals of Information Systems
250 ## - EDITION STATEMENT
Edition statement 3rd ed.
260 ## - PUBLICATION, DISTRIBUTION, ETC.
Place of publication, distribution, etc. New York:
Name of publisher, distributor, etc. Thomson Course Technology,
Date of publication, distribution, etc. 2006
300 ## - PHYSICAL DESCRIPTION
Extent xxvii, 414p.: ill,; 28cm.
500 ## - GENERAL NOTE
General note Includes Index
700 ## - ADDED ENTRY--PERSONAL NAME
Personal name Reynolds W. George
9 (RLIN) 4112
942 ## - ADDED ENTRY ELEMENTS (KOHA)
Koha item type Books
Source of classification or shelving scheme Dewey Decimal Classification
Suppress in OPAC No
Holdings
Withdrawn status Lost status Source of classification or shelving scheme Damaged status Not for loan Collection code Home library Current library Shelving location Date acquired Source of acquisition Full call number Barcode Date last seen Price effective from Koha item type
    Dewey Decimal Classification     Non-fiction IFM Main Campus Library IFM Main Campus Library General Collection 08/17/2022 Purchase 658.403811 STA 0000027419 08/17/2016 02/19/2022 Books
    Dewey Decimal Classification       IFM Main Campus Library IFM Main Campus Library General Collection 08/17/2022   658.403811 STA 00000027417 08/17/2016 08/17/2016 Books
    Dewey Decimal Classification       IFM Main Campus Library IFM Main Campus Library General Collection 08/17/2022 Purchase 658.403811 STA 0000021556 08/22/2019 08/22/2019 Books